Statistics for 7 Largest cities in Ethiopia

Click here to take the quiz!

General Stats

  • This quiz has been taken 59 times
  • The average score is 4 of 7

Answer Stats

City % Correct
Addis Ababa
97%
Dire Dawa
65%
Mek'ele
56%
Gondar
53%
Bahir Dar
53%
Adama
26%
Hawassa
21%

Score Distribution

Percentile by Number Answered

Percent of People with Each Score

Your Score History

You have not taken this quiz